[Event "Cutro Weekend op"]
[Site "Cutro"]
[Date "2006.03.26"]
[Round "5"]
[White "Paragliola, Gennaro"]
[Black "Policastrese, Salvatore"]
[Result "1-0"]
[WhiteElo "1544"]
[BlackElo "1440"]
[PlyCount "81"]
[EventDate "2006.03.24"]
[EventType "swiss"]
[EventRounds "5"]
[EventCountry "ITA"]
[SourceTitle "EXT 2024"]
[Source "ChessBase"]
[SourceDate "2023.10.10"]
[SourceVersion "1"]
[SourceVersionDate "2023.10.10"]
[SourceQuality "1"]

1. d4 d5 2. c4 c6 3. cxd5 cxd5 4. Nc3 Nf6 5. Nf3 Nc6 6. Bg5 Bf5 7. e3 a6 8. Rc1 Bg4 9. h3 Bh5 10. Be2 e6 11. g4 Bg6 12. Nh4 h6 13. Nxg6 fxg6 14. Bh4 Be7 15. Qc2 g5 16. Bg3 Rg8 17. 0-0 Bd6 18. Bd3 Nb4 19. Bg6+ Kf8 20. Qb1 Qe7 21. a3 Nc6 22. Na4 e5 23. dxe5 Bxe5 24. Qf5 Bxg3 25. fxg3 Qxe3+ 26. Kg2 Qe4+ 27. Qxe4 dxe4 28. Bxe4 Na5 29. Rc7 Rb8 30. Bg6 Nc6 31. Rf7+ Ke8 32. R7xf6+ Ke7 33. Rf7+ Kd6 34. Rd1+ Ke6 35. Nc5+ Ke5 36. Nd7+ Ke6 37. Nxb8 Rxb8 38. Rdd7 Na5 39. Bf5+ Ke5 40. Rxg7 b5 41. Rge7+ 1-0

[Event "Cutro Weekend op"]
[Site "Cutro"]
[Date "2006.03.26"]
[Round "4"]
[White "Policastrese, Salvatore"]
[Black "Camposano, Antonio"]
[Result "1-0"]
[WhiteElo "1440"]
[BlackElo "1389"]
[PlyCount "109"]
[EventDate "2006.03.24"]
[EventType "swiss"]
[EventRounds "5"]
[EventCountry "ITA"]
[SourceTitle "EXT 2024"]
[Source "ChessBase"]
[SourceDate "2023.10.10"]
[SourceVersion "1"]
[SourceVersionDate "2023.10.10"]
[SourceQuality "1"]

1. e4 Nf6 2. Nc3 d6 3. d4 g6 4. Nf3 Bg7 5. h3 0-0 6. Bd3 b6 7. 0-0 Ba6 8. Bxa6 Nxa6 9. a3 Kh8 10. Be3 Ng8 11. Ng5 e6 12. Qd2 c5 13. d5 Nc7 14. Rfe1 Bd4 15. dxe6 Bxe3 16. Qxe3 Nxe6 17. Nf3 Re8 18. Rad1 Kg7 19. e5 g5 20. g3 h6 21. exd6 Kg6 22. Ne5+ Kg7 23. d7 Re7 24. Nc6 Nf8 25. Nxd8 Rxe3 26. Rxe3 Rxd8 27. Re8 Rxd7 28. Rxf8 Rxd1+ 29. Nxd1 Kxf8 30. Kf1 Nf6 31. Ke2 Nd7 32. Ne3 f6 33. Kd3 Kg7 34. Kc4 Kg6 35. Kb5 a5 36. Kc6 Ne5+ 37. Kxb6 c4 38. Kxa5 f5 39. Kb5 f4 40. gxf4 gxf4 41. Nxc4 Nd3 42. cxd3 Kh5 43. a4 Kh4 44. a5 Kxh3 45. a6 Kg2 46. a7 Kxf2 47. a8Q f3 48. Nd2 Ke2 49. Nxf3 Kxd3 50. b4 Kc3 51. Qc8+ Kb3 52. Qc4+ Kb2 53. Ka4 h5 54. Qb3+ Ka1 55. Ka3 1-0